000 00453nam a2200181Ia 4500
008 230524s9999 xx 000 0 und d
020 _a9789332581197
082 _a660
_bACH
100 _aAchyutananda Acharya
245 0 _aText Book on Applied Chemistry
250 _a1
260 _aCHENNAI
_bPearson
_c2016
300 _a"VIII,8.39p;"
500 _aQuantity Number: 345
650 _aChemistry
700 _aBiswajit Samantaray
942 _cBK
999 _c57975
_d57975